| 000 | 00427nam a2200181Ia 4500 | ||
|---|---|---|---|
| 005 | 20250423101506.0 | ||
| 008 | 250422s9999 xx 000 0 und d | ||
| 020 | _a0395428572 | ||
| 050 | _aT 47 .M18/ | ||
| 100 | _aMacaulay, David | ||
| 245 | 4 | _aThe way things work | |
| 260 | _aBoston | ||
| 260 | _bHoughton Mifflin company | ||
| 260 | _c1988 | ||
| 300 | _a384 p | ||
| 650 | _aTechnology- popular works | ||
| 942 | _cBK | ||
| 999 |
_c36441 _d36441 |
||